Vài suy nghĩ về di sản tài nguyên biển và tác động của con người trong quá trình lịch sử dân tộc /

保存先:
書誌詳細
第一著者: Nguyễn Văn Bối.
フォーマット: 論文
言語:Vietnamese
主題:
タグ: タグ追加
タグなし, このレコードへの初めてのタグを付けませんか!
Thư viện lưu trữ: Thư viện Trường Đại học Đà Lạt
LEADER 00841nam a2200265 4500
001 DLU090086510
005 ##20090922
040 # # |a DLU  |b vie 
041 # # |a vie 
044 # # |a vn 
100 # # |a Nguyễn Văn Bối.  
245 # # |a Vài suy nghĩ về di sản tài nguyên biển và tác động của con người trong quá trình lịch sử dân tộc /  |c Nguyễn Văn Bối.  
653 # # |a Di sản  
653 # # |a Tài nguyên biển 
653 # # |a Tài nguyên thiên nhiên  
773 # # |t Nghiên cứu lịch sử  |g Số 1(214), 1984, tr. 80-83 
920 # # |a Phòng Tạp chí -- Trung tâm Thông tin - Thư viện Trường Đại học Đà Lạt 
994 # # |a DLU 
900 # # |a True 
911 # # |a Nguyễn Thị Linh Chi 
925 # # |a G 
926 # # |a A 
927 # # |a BB 
980 # # |a Thư viện Trường Đại học Đà Lạt